000 00400nam a2200181Ia 4500
001 24110
005 20260414151021.0
008 260414t1943||||xx |||||||||||||| ||spa||
041 _aESP
082 _a780.92
_bI69
100 _aIribarne, F.
_eAUT
245 0 _aRossini
_b
260 _c1943
300 _a174 páginas :
_c18 cm.
650 _aABD
654 _aCAU
942 _cLIB
_dJUS
_fJUS
_2ddc
_n
999 _c24110
_d24110